000 00333nam a22001457a 4500
008 210310b ||||| |||| 00| 0 eng d
020 _a9780073371856
041 _aeng
080 _22nd
_a371
082 _a371
100 _a46
101 _aEDU
245 _aExploring Writing Paragraphs and Essays
_cLangan,J
942 _2udc
_cBK
999 _c56157
_d56157